| 000 | 02330nam0a2200385 4500 | ||
|---|---|---|---|
| 001 | RU\NLR\BIBL_A\022364143 | ||
| 005 | 20241119133847.0 | ||
| 010 |
_a978-5-98287-220-3 _9100 |
||
| 021 |
_aRU _bКН-П-24-054636 _9КН-П-24-5443 |
||
| 035 | _a(NLR Aleph) 022364143 | ||
| 090 |
_a13668390 _c13668390 |
||
| 100 | _a20241025d2024 k y0rusy50 ca | ||
| 101 | 0 | _arus | |
| 102 | _aRU | ||
| 105 | _aach z 110yd | ||
| 181 | 0 |
_ai3 _baxxe |
|
| 182 | 0 | _an | |
| 200 | 1 |
_aФ. М. Достоевский в диалоге культур: взгляд из XXI века _eколлективная монография _e[по материалам участников Международной научной конференции] _eк 200-летию Ф. М. Достоевского _fГосударственный институт искусствознания _gсост., подгот. текста и общ. ред. Л. И. Сараскиной |
|
| 203 |
_aТекст _bвизуальный _cнепосредственный |
||
| 210 |
_aМосква _cГосударственный институт искусствознания _d2024 |
||
| 215 |
_a363 с. _cил., портр., факс. _d25 |
||
| 320 | _aБиблиогр. в подстроч. примеч. | ||
| 600 | 1 |
_aДостоевский _bФ.М. _gФедор Михайлович _f1821 - 1881 _2nlr_sh1 _2nlr_sh2 _3RU\NLR\AUTH\66376360 |
|
| 686 | 2 | _aШ5(2=Р)52-4Достоевский.я44 | |
| 702 | 1 |
_aСараскина _bЛ. И. _f1947- _gЛюдмила Ивановна _3RU\NLR\AUTH\7728371 _4220 |
|
| 702 | 1 |
_aДостоевский _bФ. М. _f1821-1881 _gФедор Михайлович _3RU\NLR\AUTH\77838 _4280 |
|
| 711 | 1 | 2 |
_a"Ф. М. Достоевский в диалоге культур: взгляд из XXI века", международная научная конференция _f2021 _eМосква _3RU\NLR\AUTH\880617785 |
| 712 | 0 | 2 |
_aГосударственный институт искусствознания _cМосква _3RU\NLR\AUTH\882358 _4557 |
| 942 | _cBOOK | ||
| 980 | _aNB | ||